00776nam a2200193 a 4500001000800000005001700008008004100025020001500066050002400081100003300105245007000138260006400208300002400272500013800296504003100434600004400465653003800509710003500547BRCA_1020190320202836.0020628s2002 alua---##b---#000-0#eng-# a0892800380 4aNE654.D9b.D97 20021 aDürer, Albrechtd1471-152810aFaith and HumanismbEngravings and Woodcutscby Albrecht Dürer. a[Montgomery, Alabama]bMontgomery Museum of Fine Artsc2002 a119 p.bil.c28 cm. aCatálogo de la exposición realizada en el Montgomery Museum of Fine Arts, (Montgomery, Alabama), 14 septiembre - 20 octubre, 2002 aBibliografía: p. 116-11714aAlberto Durerod1471-1528vExposiciones0 aAlberto Durero - Grabado Alemán2 aMontgomery Museum of Fine Arts